|
|
|
|
| LEADER |
00000nab a2200000 a 4500 |
| 001 |
vtls000028346 |
| 003 |
SK-MaSNL |
| 005 |
20260303031244.0 |
| 008 |
140328c1979 xo 0 slo |
| 015 |
|
|
|a SNBRB19rr/mm-uuuuu
|
| 035 |
|
|
|a CL0038440
|
| 040 |
|
|
|a SNKBUCL
|b slo
|c SNKBUCL
|e AACR2
|
| 041 |
0 |
|
|a slo
|
| 044 |
|
|
|a xo
|c SK
|
| 080 |
|
|
|a 634.1/.7
|2 1981
|
| 080 |
|
|
|a 631.5
|2 1981
|
| 100 |
1 |
|
|a ŠK-
|4 aut
|9 818831
|
| 245 |
1 |
0 |
|a Rozmnožovanie malín a ostružín
|c ŠK- ; Ján Šimánek
|
| 300 |
|
|
|b Obr. 4.
|
| 650 |
0 |
7 |
|a maliny
|2 snkbucl
|9 14548
|
| 650 |
0 |
7 |
|a ostružiny
|2 snkbucl
|9 984814
|
| 655 |
|
7 |
|a články z novín a časopisov
|2 snkbucl
|9 267496
|
| 700 |
1 |
|
|a Šimánek, Ján
|4 aut
|9 433843
|
| 773 |
0 |
|
|t Záhradkár chovateľ
|g Roč. 15, č. 4 (1979), s. 124
|
| 850 |
|
|
|a Slovenská národná knižnica v Martine
|a MTA001
|
| 852 |
|
|
|a SNK
|b KIS3GCP
|
| 958 |
|
|
|a RK
|
| 992 |
|
|
|a RBX
|
| 999 |
|
|
|c 1656913
|d 1658843
|